000 00897cam a22002651 4500
001 e 47000038
003 DLC
005 20260227111233.0
008 800131s1947 dcu b f000 0 eng c
010 _ae 47000038
035 _a(OCoLC)5933315
040 _aU. S. Office of Education Library
_cMChB
_dDLC
042 _apremarc
050 0 0 _aL111
_b.A6 1947, no. 3
051 _aLA471
_b.E22
082 _a370.97284
100 1 _aEbaugh, Cameron Duncan,
_d1893-
245 0 0 _aEducation in El Salvador.
260 _a[Washington,
_c1947]
300 _avi, 81 p.
_c23 cm.
410 1 0 _aU.S. Office of Education. Bulletin 1947,
_vno. 3
501 _aCopies 1 and 2 of L111.A6 with: Education in Ecuador / Cameron Duncan Ebaugh. Washington : Govt. Print. Off., 1947. Bound together subsequent to publication.
_5DLC
504 _aBibliography: p. 80-81.
650 0 _aEducation
_zEl Salvador.
999 _c22069
_d22069